Lex Cincia. Contributo alla storia delle origini della donazione romana

Uloženo v:
Podrobná bibliografie
Hlavní autor: Casavola, Franco (Autor)
Médium: Kniha
Jazyk:italština
Vydáno: Nápoles Dott. Eugenio Jovene 1960
Edice:Pubblicazioni della Facoltà Giuridica dell'Università de Napoli, 44
Témata:
Tagy: Přidat tag
Žádné tagy, Buďte první, kdo vytvoří štítek k tomuto záznamu!

MARC

LEADER 00000nam a2200000 a 4500
001 UCR0974
003 CL-VaPUC
008 971205e19600000IT |||||||||||||||||ita|d
082 0 4 |a 340.54  |b CAS  |2 21 
100 0 |a Casavola, Franco  |e author  |9 397661 
245 1 0 |a Lex Cincia. Contributo alla storia delle origini della donazione romana 
300 |a 198 p 
942 |c BK 
945 |d 19971205 00:00:00  |a aolguin 
260 |a Nápoles  |b Dott. Eugenio Jovene  |c 1960 
650 0 |a Derecho romano  |9 255930 
650 0 |a Donaciones  |9 371911 
650 0 |a Historia  |9 255047 
583 |a last modification  |c 19971205 00:00:00  |k Rodrigo Vera 
490 0 |a Pubblicazioni della Facoltà Giuridica dell'Università de Napoli, 44 
999 |c 264471  |d 264469 
952 |0 0  |1 0  |4 0  |6 340_540000000000000_CAS_1960  |7 0  |8 DER_ROM  |9 294749  |a BIBDER  |b BIBDER  |d 2019-11-19  |i 1909150  |l 1  |o 340.54 CAS 1960  |p 1909150  |r 2023-01-25  |s 2020-03-19  |w 2019-11-19  |x Ubicación 4to piso  |y BK  |z Este recurso debe solicitarse con anticipación  |k DER